000
00186 a2200097 4500
020
_a
9781456553210
041
_a
eng
100
_a
Burnett Timar, Eric
245
_a
Tooth man
942
_c
BK
999
_c
31361
_d
31359